Countries with the most Malay speakers - Statistics

General Stats
  • This quiz has been taken 52 times
  • The average score is 5 of 5
Answer Stats
# Speakers % Country % Correct
18.9 mil 58.4% Malaysia
100%
677 thou 11.9% Singapore
100%
33 mil 12.1% Indonesia
98%
2.5 mil 3.6% Thailand
96%
199 thou 45.5% Brunei
91%
No matching quizzes found
Score Distribution
Percent of People with Each Score
Percentile by Number Answered
Your Score History
You have not taken this quiz